Faculty of Law Library — Cairo University

Official Online Catalog

La liberté individuelle dans la législation pénale égyptienne : (Record no. 72140)

MARC details
000 -LEADER
fixed length control field 01264nam a2200349 i 4500
003 - CONTROL NUMBER IDENTIFIER
control field EG-GICUC
005 - DATE AND TIME OF LATEST TRANSACTION
control field 20260420125523.0
008 - FIXED-LENGTH DATA ELEMENTS--GENERAL INFORMATION
fixed length control field 260420s1934 fr fr|||| 00| 0 fre d
040 ## - CATALOGING SOURCE
Original cataloging agency EG-GiCUC
Language of cataloging fre
Transcribing agency EG-GiCUC
Modifying agency EG-GiCUC
Description conventions Rda
041 ## - LANGUAGE CODE
Language code of text/sound track or separate title fre
082 04 - DEWEY DECIMAL CLASSIFICATION NUMBER
Edition number 21
Classification number 343.4
Item number RI . L
092 04 - LOCALLY ASSIGNED DEWEY CALL NUMBER (OCLC)
Edition number 21
099 ## - LOCAL FREE-TEXT CALL NUMBER (OCLC)
Classification number Law1 10 343.4 RI . L 1934
100 1# - MAIN ENTRY--PERSONAL NAME
Personal name Shams, Riad R.
Relator term Auteur
245 13 - TITLE STATEMENT
Title La liberté individuelle dans la législation pénale égyptienne :
Remainder of title ses garanties : telles qu'elles sont, telles qu'elles doivent être /
Statement of responsibility, etc. par Riad R. Shams.
264 #1 - PRODUCTION, PUBLICATION, DISTRIBUTION, MANUFACTURE, AND COPYRIGHT NOTICE
Place of production, publication, distribution, manufacture Le Caire :
Name of producer, publisher, distributor, manufacturer Imp. F. E. Noury & Fils,
Date of production, publication, distribution, manufacture, or copyright notice 1934.
300 ## - PHYSICAL DESCRIPTION
Extent 253page;
Dimensions 24 cm.
336 ## - CONTENT TYPE
Source rda contenu
Content type term texte
337 ## - MEDIA TYPE
Source rda medias
Media type term Ordinateur
338 ## - CARRIER TYPE
Source transporteur rda
Carrier type term Ressource en ligne
546 ## - LANGUAGE NOTE
Language note Texte en français
650 1# - SUBJECT ADDED ENTRY--TOPICAL TERM
Topical term or geographic name entry element Droit pénal
Geographic subdivision Égypte
Source of heading or term qrmak
650 1# - SUBJECT ADDED ENTRY--TOPICAL TERM
Topical term or geographic name entry element Liberté individuelle
Geographic subdivision Égypte
651 1# - SUBJECT ADDED ENTRY--GEOGRAPHIC NAME
Source of heading or term qrmak
700 1# - ADDED ENTRY--PERSONAL NAME
Personal name Badawi, Aly Mohammad,
Relator term Président
700 1# - ADDED ENTRY--PERSONAL NAME
Personal name Cheron, Albert,
Relator term Illustrateur
700 1# - ADDED ENTRY--PERSONAL NAME
Personal name Al Kolali, M. Moustafa,
Relator term Illustrateur
710 2# - ADDED ENTRY--CORPORATE NAME
Corporate name or jurisdiction name as entry element Université égyptienne.
Subordinate unit Faculté de droit.
856 40 - ELECTRONIC LOCATION AND ACCESS
Uniform Resource Identifier <a href="https://fll.law.cu.edu.eg/fulltext/bks/B10-10362.pdf">https://fll.law.cu.edu.eg/fulltext/bks/B10-10362.pdf</a>
905 ## - Cataloger and Reviser Names
Cataloger Name: Farha Tarek
942 ## - ADDED ENTRY ELEMENTS (KOHA)
Source of classification or shelving scheme Dewey Decimal Classification
Koha item type Books
Edition 21
Suppress in OPAC No
Holdings
Withdrawn status Lost status Source of classification or shelving scheme Damaged status Not for loan Collection Home library Current library Date acquired Total checkouts Full call number Barcode Date last seen Copy number Price effective from Koha item type
    Dewey Decimal Classification   Not for loan القانون الجنائي جــــامعة القــاهرة مكتبة كلية الحقوق - المبنى الرئيسي 20.04.2026   Law1 10 343.4 RI . L 1934 1010362 C1 B10-10362 20.04.2026 1 20.04.2026 Books
    Dewey Decimal Classification     القانون الجنائي جــــامعة القــاهرة مكتبة كلية الحقوق - المبنى الرئيسي 24.04.2026   Law1 10 343.4 SH . L 1934 1010293 C2 B10-10293 24.04.2026 2 24.04.2026 Books

© All rights reserved — Faculty of Law, Cairo University